000 00284nam a22001337a 4500
008 170127b xxu||||| |||| 00| 0 eng d
020 _a0895773414
041 _aeng
080 _a61
100 _a3
101 _aSHM
245 _aDIAGNOSTIC DISEASE
_cCLAYMAN, CH.B
942 _2udc
_cBK
999 _c3908
_d3908